Normal view
MARC view
- NAZIS -
Entry Materia
001 - NÚMERO DE CONTROL DEL REGISTRO
- campo de control: 43452
003 - IDENTIFICADOR DE NUMERO DE CONTROL
- campo de control: UPN
005 - FECHA Y HORA DE LA ÚLTIMA TRANSACCIÓN
- campo de control: 20211018125227.0
008 - DATOS DE LONGITUD FIJA
- campo de control de longitud fija: 211018|g aca||babn | a|a d
040 ## - FUENTE DE LA CATALOGACIÓN
- Centro catalogador de origen: UPN
046 ## - FECHAS CON CODIFICACIÓN ESPECIAL
- Fecha final para contenidos agregados: 2021
150 ## - ENCABEZAMIENTO - TEMÁTICO
- Término de materia o nombre geográfico como elemento inicial: NAZIS -
- Subdivisión de forma: BIOGRAFIA
670 ## - FUENTE EN LA QUE SE LOCALIZARON DATOS
- Cita de la fuente: LC
- Información localizada: (Nazis - Biography)
902 ## - CATALOGADOR
- Catalogador: CAA/181021
